书目信息 |
| 题名: |
全真大学英语四级考试经典分析
|
|
| 作者: | 王文成 主编 ;黄兴永 分册主编 | |
| 分册: | 阅读篇 | |
| 出版信息: | 上海 上海世界图书出版公司 2004.09 |
|
| 页数: | 260页 | |
| 开本: | 26cm | |
| 丛书名: | ||
| 单 册: | ||
| 中图分类: | H310.42 | |
| 科图分类: | ||
| 主题词: | 英语--ying yu--阅读教学--高等学校--水平考试--自学参考资料 , 英语--ying yu--高等学校--水平考试--自学参考资料 | |
| 电子资源: | ||
| ISBN: | 7-5062-6096-4 | |
| 000 | 01178nam0 2200277 450 | |
| 001 | 012006270234 | |
| 005 | 20060926163154.04 | |
| 010 | @a7-5062-6096-4@dCNY20.00 | |
| 100 | @a20060727d2004 km y0chiy0120 ea | |
| 101 | 0 | @achi@aeng |
| 102 | @aCN@b310000 | |
| 105 | @ay z 000yy | |
| 200 | 1 | @a全真大学英语四级考试经典分析@Aquan zhen da xue ying yu si ji kao shi jing dian fen xi@i阅读篇@f王文成主编@Fwang wen cheng zhu bian@g黄兴永分册主编@Ghuang xing yong fen ce zhu bian |
| 210 | @a上海@c上海世界图书出版公司@d2004.09 | |
| 215 | @a260页@d26cm | |
| 312 | @a英文并列题名取自封面。 | |
| 330 | @a本书收集了14套真题,对阅读部分的答案解释进行了认真的研究,给出答案在文中的出处,对错误选项指出错处及错误的原因。通过对书内80篇短文的阅读,掌握阅读方法,了解摄取文内信息的规律和技巧。 | |
| 510 | 1 | @aCollege English@iReading@zeng |
| 517 | 1 | @a阅读篇@Ayue du pian |
| 606 | 0 | @a英语@Aying yu@x阅读教学@x高等学校@x水平考试@j自学参考资料 |
| 606 | 0 | @a英语@Aying yu@x高等学校@x水平考试@j自学参考资料 |
| 690 | @aH310.42@v4 | |
| 701 | 0 | @a王文成@Awang wen cheng@4主编 |
| 702 | 0 | @a黄兴永@Ahuang xing yong@4分册主编 |
| 801 | 0 | @aCN@c20060926 |
| 905 | @a10447@dH310.42@eW370 | |
| 全真大学英语四级考试经典分析.阅读篇/王文成主编/黄兴永分册主编.-上海:上海世界图书出版公司,2004.09 |
| 260页;26cm |
| ISBN 7-5062-6096-4:CNY20.00 |
| 本书收集了14套真题,对阅读部分的答案解释进行了认真的研究,给出答案在文中的出处,对错误选项指出错处及错误的原因。通过对书内80篇短文的阅读,掌握阅读方法,了解摄取文内信息的规律和技巧。 |
| ● |
| 相关链接 |
|
|
|
正题名:全真大学英语四级考试经典分析
索取号:H310.42/W370
 
预约/预借
| 序号 | 登录号 | 条形码 | 馆藏地/架位号 | 状态 | 备注 |
| 1 | 597309 | 205973099 | 语言库209/ [索取号:H310.42/W370] | 在馆 | |
| 2 | 597310 | 205973106 | 语言库209/209语言库 97排4列5层/ [索取号:H310.42/W370] | 在馆 | |
| 3 | 597311 | 205973115 | 语言库209/209语言库 97排4列5层/ [索取号:H310.42/W370] | 在馆 |